all-american bitch (Lyrics)- Olivia Rodrigo - Statistics

General Stats
  • This quiz has been taken 91 times
    89 since last reset
  • The average score is 217 of 254
Answer Stats
Answer % Correct
a
100%
All
100%
all
100%
am
97%
and
97%
And
97%
I
97%
I'm
97%
the
97%
bitch
95%
time
95%
time)
95%
all-American
92%
like
92%
Like
92%
my
92%
perfect
92%
when
92%
pretty
90%
cry
87%
for
87%
it
87%
kind
87%
know
87%
sexy
87%
you
87%
act
85%
age
85%
"Ah"
85%
to
85%
as
82%
board
82%
feather
82%
fucking
82%
God
82%
ignore
82%
light
82%
(Oh
82%
Oh
82%
that
82%
That
82%
attention
79%
forget
79%
grateful
79%
(Grateful
79%
just
79%
Just
79%
most
79%
mother
79%
pay
79%
people
79%
stiff
79%
things
79%
what
79%
with
79%
With
79%
can't
77%
hips
77%
in
77%
is
77%
lips
77%
machine
77%
me
77%
place
77%
scream
77%
total
77%
angry
74%
built
74%
don't
74%
Forgive
74%
get
74%
got
74%
Got
74%
love
74%
resist
74%
sure
74%
swear
74%
this
74%
air
72%
Coca-Cola
72%
curl
72%
eternal
72%
goddamn
72%
hair
72%
Kennedy
72%
of
72%
that's
72%
alright
69%
bottles
69%
'bout
69%
jokes
69%
make
69%
mean
69%
motherfuckin'
69%
use
69%
Yeah
69%
yeah)
69%
believe
67%
best
67%
cruelty
67%
deal
67%
movies
67%
pissed
67%
pocket
67%
senseless
67%
spare
67%
darkness
64%
fresh
64%
inside
64%
I've
64%
only
64%
optimist
64%
sun
64%
your
64%
class
62%
every
62%
feel
62%
integrity
62%
little
62%
issue
56%
No matching quizzes found
Score Distribution
Percent of People with Each Score
Percentile by Number Answered
Your Score History
You have not taken this quiz since the last reset